Statistics for Justin Bieber Quiz

Click here to take the quiz!

General Stats

  • This quiz has been taken 1,904 times
  • The average score is 11 of 13

Answer Stats

QuestionsAnswer% Correct
Day he was born1
99%
Where does he come from?Canada
98%
Year he was born1994
95%
Month he was bornMarch
95%
What website was he found on?Youtube
91%
Ex-girlfriendselena gomez
90%
Artist who signed up for himUsher
87%
How old was Justin's mom when she had him?17
85%
ManagerScooter
81%
Middle nameDrew
78%
When did he get his first tattoo?16
69%
Mothers namePatti Mallette
67%
Fathers nameJeremy Bieber
61%

Score Distribution

Percentile by Number Answered

Percent of People with Each Score

Your Score History

You have not taken this quiz